000 00512nam a2200181Ia 4500
005 20250508150142.0
008 008 250505s9999 xx 000 0 eng d
037 _aReference
040 _aFEDL
_beng
_cFEDL
041 _aeng
_2eng
084 _a510.3, PAN
_qFEDL
100 _aPande S D Co.
_9755853
245 0 _aHindi scientific glossary: Mathematics
260 _aAllahabad, India
_bIndian Press Limited
_c1931
300 _a138p.
942 _cREF
_h510.3, PAN
999 _c1322044
_d1322044